000 00566nam a2200145Ia 4500
008 090122s9999 xx 000 0 und d
082 _b6963
_a181.4
100 _aपांगारकर
_bलक्ष्मण
_cरामचंद्र
245 _aश्री ज्ञानेश्वर महाराज
600 _aपांगारकर
630 _aश्री ज्ञानेश्वर महाराज
700 _aपांगारकर
730 _aश्री ज्ञानेश्वर महाराज
942 _cBOOK
999 _c31040
_d31040